000 00953nam a22002897a 4500
005 20180306141653.0
010 _aBAC-CH25
020 _a9780545481939
_c250.00
020 _a9780545481939
_c295.00 (AV)
035 _aB-562999-032
035 _aG-003029
035 _aB-665257
037 _bUBH/Ven
_adpl
082 _aS
100 _aStilton, Geronimo
245 _aRumble in the Jungle /
_cby Geronimo Stilton
260 _aNew York
_bScholastic
_c2014
270 _a557 Broadway
_bNew York
_e10012
300 _a108p.:
_bcol.ill.
_c19cm(pbk)
700 _aTabasco, Blasco
700 _aCodana, Guy
700 _aBrusco, Federatto
942 _2ddc
_cCH
_hS
_mSTI
999 _c85352
_d85352